000 00526nam a2200169 i 4500
001 145680
003 ES-MaACL
005 20230906201301.0
007 t|
008 071015s1981 sp ||||1| spa d
100 1 _aVernia, Pedro.
_9114179
245 1 3 _aLa farmacopea valenciana /
_cPedro Vernia.
260 _a[S.l. :
_bs.n.,
_c1981] (
_eVillareal :
_fSeriols-Sichet-Herrero)
300 _a168 p., :
_bil. ;
_c30 cm.
650 1 4 _aFarmacopeas-
_zValencia (Reino)-
_vHistoria.
_912727
852 _aES-MaACL
_jL-3049
_bR.103674
999 _c145680
_d145680